Welcome to CU Library Online Public Access Catalogue (OPAC)

Chemistry/ (Record no. 1816)

MARC details
000 -LEADER
fixed length control field 00647nam a22002057a 4500
005 - DATE AND TIME OF LATEST TRANSACTION
control field 20241130103505.0
008 - FIXED-LENGTH DATA ELEMENTS--GENERAL INFORMATION
fixed length control field 241130b |||||||| |||| 00| 0 eng d
020 ## - INTERNATIONAL STANDARD BOOK NUMBER
International Standard Book Number 0131292544
050 ## - LIBRARY OF CONGRESS CALL NUMBER
Classification number QD33.2
Item number P21
100 ## - MAIN ENTRY--PERSONAL NAME
Personal name Parry, Robert W.
245 ## - TITLE STATEMENT
Title Chemistry/
Remainder of title experimental foundations
Statement of responsibility, etc. Robert W. Parry, Herb Bassow, Phyllis Merrill & Robert L. Tellefsen
250 ## - EDITION STATEMENT
Edition statement 3rd ed.
260 ## - PUBLICATION, DISTRIBUTION, ETC.
Place of publication, distribution, etc. Englewood Cliffs, New Jersey
Name of publisher, distributor, etc. Prentice Hall, INC.
Date of publication, distribution, etc. 1982
300 ## - PHYSICAL DESCRIPTION
Extent 672p.
Other physical details ill. some color
Dimensions 26cm
650 ## - SUBJECT ADDED ENTRY--TOPICAL TERM
Source of heading or term Chemistry
700 ## - ADDED ENTRY--PERSONAL NAME
Personal name Bassow, Herb
700 ## - ADDED ENTRY--PERSONAL NAME
Personal name Merrill, Phyllis
700 ## - ADDED ENTRY--PERSONAL NAME
Personal name Tellefsen, Robert L.
942 ## - ADDED ENTRY ELEMENTS (KOHA)
Source of classification or shelving scheme Library of Congress Classification
Koha item type Books
Edition 3rd ed.
Suppress in OPAC No
999 ## -
-- 1816
-- 1816
Holdings
Withdrawn status Lost status Source of classification or shelving scheme Damaged status Not for loan Collection Home library Current library Shelving location Date acquired Total checkouts Full call number Barcode Date last seen Copy number Price effective from Koha item type
    Library of Congress Classification     Non-fiction Science Library (Miotso) Science Library (Miotso) General stacks 11/30/2024   QD33.2 .P21 PAR SLM00001004 11/30/2024 1 11/30/2024 Books
© 2023-2024 Copyright: Central University Libraries. All Rights Reserved | Created by: Mahone Tech Office